Investigacin̤ de mercados, para una mejor toma de decisiones

Detalles Bibliográficos
Autor principal: Cšpedes Sènz, Alberto
Formato: eBook
Lenguaje:español
Publicado: Bogot ̀: Ediciones de la U, 2012
Materias:
Acceso en línea:http://www.vlex.com/source/9106

MARC

LEADER 00000nam a22000007a 4500
005 20130327155038.0
007 cr|||| ||||
008 130327e2012 ck |||||s|||| 00||0 spa d
020 |a 978-958-762-063-4 
035 |a 9106 
040 |a vLex 
090 |c 4060  |d 4060 
100 1 0 |a Cšpedes Sènz, Alberto  
245 1 0 |a Investigacin̤ de mercados, para una mejor toma de decisiones  |c / Alberto Cšpedes Sènz   |h [Recurso electrn̤ico] 
256 |a Servicio en ln̕ea 
260 |a Bogot ̀:   |b Ediciones de la U,   |c 2012  
300 |a 1 Recurso electrn̤ico 
506 |d vLex Global  |d vLex Global (Academic Edition, excluding Law Schools)  |d vLex Global (U.S. Academic Edition, Law Schools)  |d vLex Global (U.S. Academic Edition, excluding Law Schools)  |a vLex Global (Academic Edition, Law Schools) 
650 0 4 |a Marketing 
650 0 4 |a Administracin̤ (Management) 
650 0 4 |a Investigacin̤ de mercados 
740 |a vLex Libros (Servicio en ln̕ea) 
856 |a Acceso restringido  |u http://www.vlex.com/source/9106 
942 |c BOOK 
999 0 |a Marketing